000 00743nam a22002297a 4500
005 20131011161500.0
008 130101t xxu||||| |||| 00| 0 eng d
010 _aENG-106499
020 _a9788121211482
_c990.00
035 _aEN-90032
037 _bDBAD/PUB
040 _aDPL
_bENG
082 _a351.54
245 _aOrganizational and procedural issues in government /
_cedited by Ramesh Kumar Tiwari [and] Sujata Singh
260 _aNew Delhi
_bGyan Publishing House
_c2012
270 _a23, Main Ansari Road, Daryaganj
_bNew Delhi
_e110002
300 _a354p.
_c23cm(Hb)
500 _aIncludes index
700 _aTiwari, Ramesh Kumar
_954598
700 _aSingh, Sujata
_954599
942 _2ddc
_cEN
_mORG
_h351.54
999 _c72565
_d72565